000 01061 a2200229 4500
001 46273
005 20260407155734.0
008 260407a1976 arg spa d
003 AR-UNSa-BCEJYS
040 _aAR-UNSa-BCEJYS
_bspa
_cAR-UNSa-BCEJYS
080 _a001.8
_xMetodología. Estudio general del método. Procedimientos científicos y técnicos para el estudio, La investigación y la discusión
245 1 0 _aMétodos de las ciencias sociales
020 _a84-344-17553
250 _a9a. ed.
264 1 _aBarcelona :
_bAriel
_c1976
300 _a593 p.
_c20 cm.
505 _a1. Introducción : Las ciencias sociales - - Primera Parte : Las técnicas de observación : 1. La observación documental – 2. La observación directa extensiva – 3. La observación directa intensiva - - Segunda Parte : El análisis sistemático : 1. Los elementos del análisis sistemático – 2. Las técnicas matemáticas y gráficas.
942 _cBK
590 _aniveau_biblio:m niveau_hierar:0
100 1 _aSureda, Alonso
700 1 _aDuverger, Maurice
999 _c4170
_d4170